| 000 -CABECERA |
| Campo de control de longitud fija |
00476nam a22001337a 4500 |
| 008 - CAMPO FIJO DE DESCRIPCIÓN FIJA--INFORMACIÓN GENERAL |
| Campo de control de longitud fija |
150706s2015 sp ||||| |||| 00| 0 cat d |
| 020 ## - ISBN (INTERNATIONAL STANDARD BOOK NUMBER) |
| ISBN |
8496103587 |
| 040 ## - FUENTE DE CATALOGACIÓN |
| Agencia que realiza la transcripción |
CPC Girona |
| 110 2# - ENCABEZAMIENTO PRINCIPAL--NOMBRE CORPORATIVO |
| 9 (RLIN) |
2669 |
| Nombre corporativo o de jurisdicción como elemento de entrada |
Associació UNESCO per al Diàleg Interreligiós |
| 245 ## - MENCIÓN DE TÍTULO |
| Título |
Diccionari de religions |
| 260 ## - PUBLICACIÓN, DISTRIBUCIÓN, ETC (PIE DE IMPRENTA) |
| Lugar de publicación, distribución, etc. |
Barcelona |
| Nombre del editor, distribuidor, etc. |
Generalitat de Catalunya. Departament de Governació i Relacions Institucionals. Direcció General d'Afers Religioses |
| Fecha de publicación, distribución, etc. |
2015 |
| 300 ## - DESCRIPCIÓN FÍSICA |
| Extensión |
279p. |
| Dimensiones |
20cm. |
| 942 ## - ELEMENTOS KOHA |
| Fuente de clasificación o esquema de ordenación en estanterías |
|
| Koha tipo de item |
Monografies |